Tự động hóa với SIMATIC S7-300

Gardado en:
Detalles Bibliográficos
Autor Principal: Nguyễn, Doãn Phước
Formato: Libro
Idioma:Undetermined
Publicado: Hà Nội KHKT 2006
Những chủ đề:
Các nhãn: Engadir etiqueta
Sen Etiquetas, Sexa o primeiro en etiquetar este rexistro!
Thư viện lưu trữ: Trung tâm Học liệu Trường Đại học Cần Thơ
LEADER 00743nam a2200217Ia 4500
001 CTU_120042
008 210402s9999 xx 000 0 und d
020 |c 41000 
082 |a 629.895 
082 |b Ph557 
100 |a Nguyễn, Doãn Phước 
245 0 |a Tự động hóa với SIMATIC S7-300 
245 0 |c Nguyễn Doãn Phước, Phan Xuân Minh, Vũ Vân Hà 
260 |a Hà Nội 
260 |b KHKT 
260 |c 2006 
526 |a Điều khiển logic có thể lập trình (PLC) 
526 |b CN579 
650 |a Programmable controllers,SIMATIC S7 ( Computer system ),STEP 7 ( Computer program language ) 
904 |i Minh 
980 |a Trung tâm Học liệu Trường Đại học Cần Thơ